Profiting from overage and clawback (Record no. 84667)
[ view plain ]
| 000 -LEADER | |
|---|---|
| fixed length control field | 00800cab a22002175a 4500 |
| 001 - CONTROL NUMBER | |
| control field | L158724 |
| 008 - FIXED-LENGTH DATA ELEMENTS--GENERAL INFORMATION | |
| fixed length control field | 150701e20150620xxk 000 0 eng d |
| 035 ## - SYSTEM CONTROL NUMBER | |
| System control number | (Sirsi) u158724 |
| 041 0# - LANGUAGE CODE | |
| Language code of text/sound track or separate title | eng |
| 100 1# - MAIN ENTRY--PERSONAL NAME | |
| Personal name | Norris, D. |
| 245 00 - TITLE STATEMENT | |
| Title | Profiting from overage and clawback |
| 260 ## - PUBLICATION, DISTRIBUTION, ETC. | |
| Date of publication, distribution, etc. | 2015 |
| 490 ## - SERIES STATEMENT | |
| Series statement | Estates Gazette |
| Volume/sequential designation | (1524) 20 June 2015, 116-117(2) |
| 520 ## - SUMMARY, ETC. | |
| Summary, etc. | Focus on maximising land value for sellers through overage and clawback provisions. Includes information about the terminology used and any possible differences between the terms. Also discusses the share of profit, buyers' ongoing obligations and seller protection. |
| 590 ## - LOCAL NOTE (RLIN) | |
| Local note | KA |
| 651 #4 - SUBJECT ADDED ENTRY--GEOGRAPHIC NAME | |
| Geographic name | United Kingdom |
| 690 ## - LOCAL SUBJECT ADDED ENTRY--TOPICAL TERM (OCLC, RLIN) | |
| Topical term or geographic name as entry element | Property management |
| 9 (RLIN) | 6262 |
| 690 ## - LOCAL SUBJECT ADDED ENTRY--TOPICAL TERM (OCLC, RLIN) | |
| Topical term or geographic name as entry element | Sales |
| 9 (RLIN) | 6269 |
| 700 1# - ADDED ENTRY--PERSONAL NAME | |
| Personal name | Panambalana, Dion |
| 942 ## - ADDED ENTRY ELEMENTS (KOHA) | |
| Suppress in OPAC | 0 |
| Withdrawn status | Lost status | Source of classification or shelving scheme | Damaged status | Not for loan | Home library | Current library | Shelving location | Date acquired | Total Checkouts | Full call number | Barcode | Date last seen | Copy number | Price effective from | Koha item type |
|---|---|---|---|---|---|---|---|---|---|---|---|---|---|---|---|
| Dewey Decimal Classification | London | London | Journal article | 01/07/2015 | L158724 | 158724-1001 | 06/08/2019 | 1 | 06/08/2019 | Journal article |